000 00425nam a22001577a 4500
020 _a9788131757994
082 _a658.45BOV
_b1
100 _aBOVEE,Courtland L
245 _aBusiness Communication Today
250 _a10th ed.
260 _aindian
_bfirst impression
_c2011
300 _axxviii,:583p.26cm.
650 _aBusiness communication
700 _aCOURTLAND L BOVEE,JOHN V THILL AND ABHA CHATTERJEE
942 _cBK
999 _c16957
_d16957